000 00385nam a2200133Ia 4500
008 211109s9999||||xx |||||||||||||| ||und||
082 _a894.8123
_bK SU-K
100 _aK Surendran,
245 0 _aKattu Kuranghu
260 _bSAHITHYA PRVARTHAKA SANGHAM
_aKottayam
_c1978
630 _xGENERAL STACK
650 _aMALAYALAM
_vMALAYALM LITERAURE
_xMALAYALAM NOVELGeneralia
942 _cBOOK
999 _c71298
_d71298